[Event "WC-2015-S-00002"]
[Site "LSS email"]
[Date "2018.07.11"]
[Round "?"]
[White "Frendzas, Panayotis"]
[Black "Putman, Marcel"]
[Result "1/2-1/2"]
[WhiteElo "2556"]
[BlackElo "2366"]
[PlyCount "47"]
[EventDate "2015.06.10"]
[EventType "tourn (corr)"]
[EventRounds "12"]
[EventCountry "GER"]
[SourceTitle "Corr 2024"]
[Source "ChessBase"]
[SourceDate "2023.10.19"]
[SourceVersion "1"]
[SourceVersionDate "2023.10.19"]
[SourceQuality "1"]

1. e4 e5 2. Nf3 Nc6 3. Bc4 Bc5 4. 0-0 Nf6 5. d3 0-0 6. h3 d6 7. c3 a6 8. a4 h6 9. Re1 Ba7 10. Nbd2 Re8 11. b4 Be6 12. Bxe6 Rxe6 13. Qc2 Ne7 14. Nf1 d5 15. Be3 Bxe3 16. Nxe3 Rc8 17. Rab1 b6 18. exd5 Nfxd5 19. Ng4 c5 20. bxc5 Rxc5 21. c4 Nf4 22. Ngxe5 Nc6 23. Nxc6 Rexc6 24. Re4 1/2-1/2

[Event "WC-2015-S-00002"]
[Site "LSS email"]
[Date "2018.07.11"]
[Round "?"]
[White "Putman, Marcel"]
[Black "Claridge, John"]
[Result "1/2-1/2"]
[WhiteElo "2366"]
[BlackElo "2484"]
[PlyCount "91"]
[EventDate "2015.06.10"]
[EventType "tourn (corr)"]
[EventRounds "12"]
[EventCountry "GER"]
[SourceTitle "Corr 2024"]
[Source "ChessBase"]
[SourceDate "2023.10.19"]
[SourceVersion "1"]
[SourceVersionDate "2023.10.19"]
[SourceQuality "1"]

1. e4 c5 2. Nf3 d6 3. d4 cxd4 4. Nxd4 Nf6 5. Nc3 a6 6. Be3 e6 7. f3 b5 8. Qd2 Nbd7 9. g4 b4 10. Nce2 h6 11. 0-0-0 Qc7 12. h4 d5 13. Bf4 e5 14. Bh2 dxe4 15. g5 hxg5 16. hxg5 Rxh2 17. Rxh2 exd4 18. Rh4 Ng4 19. Rxg4 Nc5 20. Rh4 d3 21. Nd4 Bb7 22. Rh8 0-0-0 23. Kb1 dxc2+ 24. Qxc2 exf3 25. Qd2 Be4+ 26. Ka1 Qb6 27. Qe3 Kb7 28. Rh4 Bd5 29. Nc2 Ne6 30. Rxd5 Rxd5 31. Qxf3 Nc7 32. Rd4 Qc6 33. Rc4 Rc5 34. Rxb4+ Ka7 35. Qf2 Qd5 36. Na3 Qxg5 37. Nb1 Be7 38. Bg2 Nd5 39. Rb3 Nb6 40. Qxf7 Qe5 41. a3 Qc7 42. Rc3 Rxc3 43. Nxc3 Bd6 44. Qf3 g5 45. Ka2 Be5 46. Nd1 1/2-1/2

[Event "WC-2015-S-00002"]
[Site "LSS email"]
[Date "2018.07.11"]
[Round "?"]
[White "Putman, Marcel"]
[Black "Frendzas, Panayotis"]
[Result "1/2-1/2"]
[WhiteElo "2366"]
[BlackElo "2556"]
[PlyCount "57"]
[EventDate "2015.06.10"]
[EventType "tourn (corr)"]
[EventRounds "12"]
[EventCountry "GER"]
[SourceTitle "Corr 2024"]
[Source "ChessBase"]
[SourceDate "2023.10.19"]
[SourceVersion "1"]
[SourceVersionDate "2023.10.19"]
[SourceQuality "1"]

1. e4 c5 2. Nf3 d6 3. d4 cxd4 4. Nxd4 Nf6 5. Nc3 a6 6. Be3 Ng4 7. Bc1 Nf6 8. Be3 e5 9. Nb3 Be6 10. f3 h5 11. Nd5 Bxd5 12. exd5 Nbd7 13. Qd2 g6 14. Be2 Bg7 15. 0-0 b6 16. c4 0-0 17. Kh1 Re8 18. Rae1 Rc8 19. Qd1 a5 20. Nd2 Nc5 21. Bg5 Qd7 22. Qb1 e4 23. Bxf6 Bxf6 24. Nxe4 Bg7 25. Bd3 a4 26. Re2 Re7 27. Rfe1 Rce8 28. Qd1 h4 29. b4 1/2-1/2

[Event "WC-2017-T-00002"]
[Site "LSS email"]
[Date "2017.01.09"]
[Round "?"]
[White "Putman, Marcel"]
[Black "Schlenther, Marco"]
[Result "1/2-1/2"]
[WhiteElo "2357"]
[BlackElo "2518"]
[PlyCount "64"]
[EventDate "2017.01.15"]
[EventType "tourn (corr)"]
[EventRounds "10"]
[EventCountry "GER"]
[SourceTitle "Corr 2022"]
[Source "ChessBase"]
[SourceDate "2021.10.24"]
[SourceVersion "1"]
[SourceVersionDate "2021.10.24"]
[SourceQuality "1"]

1. d4 Nf6 2. c4 e6 3. g3 d5 4. Nf3 Be7 5. Bg2 0-0 6. 0-0 dxc4 7. Qc2 b5 8. a4 b4 9. Nfd2 c6 10. Nxc4 Qxd4 11. Rd1 Qc5 12. Be3 Qh5 13. Nbd2 Ng4 14. Nf3 Nxe3 15. Nxe3 a5 16. Nd4 Ba6 17. Rac1 Rc8 18. Bf3 Qg6 19. Be4 Qh5 20. Nc4 Bxc4 21. Qxc4 Ra7 22. Kg2 Qe5 23. Nb5 Rb7 24. Qc2 g6 25. b3 Kg7 26. f4 Qf6 27. Bf3 Rd7 28. Rxd7 Nxd7 29. Na7 Rc7 30. Nb5 Rc8 31. Na7 Rc7 32. Nb5 Rc8 1/2-1/2

[Event "WC-2015-S-00002"]
[Site "LSS email"]
[Date "2015.06.02"]
[Round "?"]
[White "Cornel, Matei"]
[Black "Putman, Marcel"]
[Result "0-1"]
[WhiteElo "2483"]
[BlackElo "2340"]
[PlyCount "54"]
[EventDate "2015.06.10"]
[EventType "tourn (corr)"]
[EventRounds "12"]
[EventCountry "GER"]
[SourceTitle "Corr 2022"]
[Source "ChessBase"]
[SourceDate "2021.10.24"]
[SourceVersion "1"]
[SourceVersionDate "2021.10.24"]
[SourceQuality "1"]

1. e4 c5 2. d4 cxd4 3. Nf3 d6 4. Nxd4 Nf6 5. Nc3 a6 6. h3 g6 7. g4 Bg7 8. Be3 0-0 9. Bg2 Nc6 10. Qd2 Bd7 11. 0-0-0 Rc8 12. Nde2 b5 13. Nd5 Be6 14. f4 Nd7 15. Kb1 b4 16. f5 Bxd5 17. exd5 Nce5 18. Bd4 Qa5 19. h4 Qb5 20. fxg6 fxg6 21. Qe1 Qa4 22. b3 Qa3 23. Rd2 Rf3 24. h5 Nc5 25. hxg6 Ne4 26. Nc1 Nc3+ 27. Ka1 Rc5 0-1

[Event "WC-2015-S-00002"]
[Site "LSS email"]
[Date "2015.06.02"]
[Round "?"]
[White "Putman, Marcel"]
[Black "Nemchenko, Valery"]
[Result "1/2-1/2"]
[WhiteElo "2340"]
[BlackElo "2485"]
[PlyCount "73"]
[EventDate "2015.06.10"]
[EventType "tourn (corr)"]
[EventRounds "12"]
[EventCountry "GER"]
[SourceTitle "Corr 2022"]
[Source "ChessBase"]
[SourceDate "2021.10.24"]
[SourceVersion "1"]
[SourceVersionDate "2021.10.24"]
[SourceQuality "1"]

1. e4 e5 2. Nf3 Nf6 3. Nxe5 d6 4. Nf3 Nxe4 5. d4 d5 6. Bd3 Nc6 7. 0-0 Be7 8. c4 Nb4 9. Be2 0-0 10. Nc3 Bf5 11. a3 Nxc3 12. bxc3 Nc6 13. Re1 Re8 14. cxd5 Qxd5 15. Bf4 Rac8 16. h3 h6 17. Nd2 Na5 18. Bf3 Qd7 19. Nb3 Nxb3 20. Qxb3 c6 21. Be5 Bf8 22. a4 b6 23. Qc4 Be6 24. Qa6 Bd5 25. Bg4 Be6 26. Bd1 g6 27. Bf3 Bd5 28. Be2 Bg7 29. Bg4 f5 30. Bf3 Bxf3 31. gxf3 Kh7 32. Rad1 Rcd8 33. Kg2 Re7 34. Bxg7 Rxg7 35. Re5 Qf7 36. a5 Qb3 37. Rd3 1/2-1/2

[Event "WC-2015-S-00002"]
[Site "LSS email"]
[Date "2015.06.02"]
[Round "?"]
[White "Putman, Marcel"]
[Black "Szabo, Vilmos"]
[Result "1/2-1/2"]
[WhiteElo "2340"]
[BlackElo "2426"]
[PlyCount "93"]
[EventDate "2015.06.10"]
[EventType "tourn (corr)"]
[EventRounds "12"]
[EventCountry "GER"]
[SourceTitle "Corr 2022"]
[Source "ChessBase"]
[SourceDate "2021.10.24"]
[SourceVersion "1"]
[SourceVersionDate "2021.10.24"]
[SourceQuality "1"]

1. e4 e5 2. Nf3 Nc6 3. Bb5 a6 4. Ba4 Nf6 5. 0-0 Be7 6. Re1 b5 7. Bb3 d6 8. c3 0-0 9. h3 Na5 10. Bc2 c5 11. d4 Qc7 12. Nbd2 cxd4 13. cxd4 Rd8 14. b3 Bb7 15. Bb2 Nc6 16. a3 Rac8 17. Rc1 exd4 18. Nxd4 Nxd4 19. Bxd4 g6 20. b4 Nh5 21. Qf3 Bg5 22. Bb3 Qe7 23. Rcd1 Bf6 24. Nf1 Bxd4 25. Rxd4 Qf6 26. Qe3 Qf4 27. Qd3 Qg5 28. g3 Qe7 29. Nh2 Kg7 30. Qe3 Nf6 31. Ng4 Nxg4 32. hxg4 h6 33. Rd3 Rc7 34. Qd4+ Kh7 35. f3 Rc6 36. Kg2 Bc8 37. Qd5 Rc7 38. e5 Qg5 39. Qd4 d5 40. Rh1 Re8 41. Re3 Be6 42. Rh4 Qe7 43. Re1 Kg7 44. Reh1 Rh8 45. f4 Qd8 46. Kf2 Rc6 47. Rf1 1/2-1/2

[Event "WC-2015-S-00002"]
[Site "LSS email"]
[Date "2015.06.02"]
[Round "?"]
[White "Thurrott, Allan"]
[Black "Putman, Marcel"]
[Result "1/2-1/2"]
[WhiteElo "2224"]
[BlackElo "2340"]
[PlyCount "58"]
[EventDate "2015.06.10"]
[EventType "tourn (corr)"]
[EventRounds "12"]
[EventCountry "GER"]
[SourceTitle "Corr 2022"]
[Source "ChessBase"]
[SourceDate "2021.10.24"]
[SourceVersion "1"]
[SourceVersionDate "2021.10.24"]
[SourceQuality "1"]

1. e4 c5 2. Nf3 Nc6 3. d4 cxd4 4. Nxd4 Nf6 5. Nc3 e5 6. Ndb5 d6 7. Bg5 a6 8. Na3 b5 9. Nd5 Be7 10. Bxf6 Bxf6 11. c3 0-0 12. Nc2 Bg5 13. a4 bxa4 14. Rxa4 a5 15. Bc4 Rb8 16. b3 Kh8 17. Nce3 g6 18. Ra2 f5 19. h4 Bxe3 20. Nxe3 f4 21. Nd5 h5 22. Qc1 Kg7 23. Qa3 Bb7 24. Rd2 Rc8 25. f3 a4 26. bxa4 Na5 27. Bb5 Rc5 28. Nb4 Qb6 29. Rd3 Nc4 1/2-1/2

[Event "WC-2014-S-00001"]
[Site "LSS email"]
[Date "2014.01.13"]
[Round "?"]
[White "Putman, Marcel"]
[Black "Calugaru, Viorel"]
[Result "1/2-1/2"]
[WhiteElo "2365"]
[BlackElo "2449"]
[PlyCount "67"]
[EventDate "2018.02.10"]
[EventType "tourn (corr)"]
[EventRounds "12"]
[EventCountry "GER"]
[SourceTitle "Corr 2022"]
[Source "ChessBase"]
[SourceDate "2021.10.24"]
[SourceVersion "1"]
[SourceVersionDate "2021.10.24"]
[SourceQuality "1"]

1. e4 e5 2. Nf3 Nf6 3. d4 exd4 4. e5 Ne4 5. Qxd4 d5 6. exd6 Nxd6 7. Nc3 Nc6 8. Qf4 Be6 9. Be3 Nf5 10. Ng5 Bd6 11. Nxe6 fxe6 12. Qg4 Qf6 13. Bd2 h5 14. Qe4 0-0-0 15. 0-0-0 Bc5 16. Bc4 Rhe8 17. Rhe1 Kb8 18. Qe2 Nd6 19. Bd3 e5 20. f3 Qf7 21. a3 Bb6 22. Kb1 Ba5 23. Ne4 Bxd2 24. Rxd2 Qf4 25. g3 Qh6 26. Qe3 Qxe3 27. Rxe3 Rf8 28. Rf2 h4 29. Ng5 Rf6 30. gxh4 Rh8 31. Ne4 Rf7 32. h5 Nf5 33. Re1 Rxh5 34. Rg1 1/2-1/2

[Event "WC-2013-Q-00004"]
[Site "LSS email"]
[Date "2013.10.22"]
[Round "?"]
[White "Putman, Marcel"]
[Black "Wosch, Arkadiusz Janusz"]
[Result "1/2-1/2"]
[WhiteElo "2320"]
[BlackElo "2296"]
[PlyCount "53"]
[EventDate "2013.10.27"]
[EventType "tourn (corr)"]
[EventRounds "12"]
[EventCountry "GER"]
[SourceTitle "Corr 2022"]
[Source "ChessBase"]
[SourceDate "2021.10.24"]
[SourceVersion "1"]
[SourceVersionDate "2021.10.24"]
[SourceQuality "1"]

1. d4 Nf6 2. c4 e6 3. Nc3 Bb4 4. e3 0-0 5. Bd3 d5 6. Nf3 c5 7. 0-0 Nc6 8. a3 Bxc3 9. bxc3 dxc4 10. Bxc4 Qc7 11. Bb2 e5 12. h3 Bf5 13. Qe2 Rfd8 14. Ba2 Bg6 15. Nh4 exd4 16. cxd4 cxd4 17. Nxg6 hxg6 18. Qd3 Ne5 19. Qb3 dxe3 20. Rac1 Nc6 21. Qxe3 Qa5 22. Qf3 Rd6 23. Rcd1 Rad8 24. Rxd6 Rxd6 25. Qg3 Ne8 26. Qb3 Rd7 27. Rd1 1/2-1/2